[Event "22nd ch-EUR Indiv 2022"]
[Site "Terme Catez SLO"]
[Date "2022.04.02"]
[Round "7.29"]
[White "Brunello, Sabino"]
[Black "Brkic, Ante"]
[Result "1-0"]
[WhiteTitle "GM"]
[BlackTitle "GM"]
[WhiteElo "2508"]
[BlackElo "2607"]
[WhiteFideId "813613"]
[BlackFideId "14506688"]
[EventDate "2022.03.27"]

1. d4 Nf6 2. c4 e6 3. Nc3 Bb4 4. e3 O-O 5. Bd3 d5 6. a3 Bxc3+ 7. bxc3 dxc4 8.
Bxc4 c5 9. Ne2 Qc7 10. Ba2 b6 11. c4 Ba6 12. d5 exd5 13. cxd5 Nbd7 14. Bb2 Rad8
15. O-O Ne5 16. f4 Neg4 17. Rf3 Rfe8 18. Ng3 c4 19. Qa4 Nxd5 20. Qxa6 Ndxe3 21.
Qb5 c3 22. Rc1 a6 23. Rxc3 Qe7 24. Qe2 Qh4 25. h3 Nd1 26. Bxf7+ Kxf7 27. Rc7+
Re7 28. Qc4+ Kf8 29. Bxg7+ 1-0

[Event "22nd ch-EUR Indiv 2022"]
[Site "Terme Catez SLO"]
[Date "2022.04.02"]
[Round "7.30"]
[White "Basso, Pier Luigi"]
[Black "Gavrilescu, David"]
[Result "1/2-1/2"]
[WhiteTitle "GM"]
[BlackTitle "IM"]
[WhiteElo "2600"]
[BlackElo "2512"]
[WhiteFideId "866970"]
[BlackFideId "1227190"]
[EventDate "2022.03.27"]

1. d4 Nf6 2. c4 e6 3. Nf3 d5 4. Nc3 Bb4 5. cxd5 exd5 6. Bg5 h6 7. Bh4 O-O 8. e3
Bf5 9. Be2 Nbd7 10. Qb3 Bxc3+ 11. Qxc3 Ne4 12. Qb3 Ndf6 13. O-O Qc8 14. Qa3 g5
15. Bg3 Re8 16. Rac1 c6 17. Ne5 Nd7 18. Nxd7 Qxd7 19. b4 a6 20. Bd3 1/2-1/2

[Event "22nd ch-EUR Indiv 2022"]
[Site "Terme Catez SLO"]
[Date "2022.04.02"]
[Round "7.31"]
[White "Wieczorek, Oskar"]
[Black "Pechac, Jergus"]
[Result "1-0"]
[WhiteTitle "GM"]
[BlackTitle "GM"]
[WhiteElo "2500"]
[BlackElo "2599"]
[WhiteFideId "1133950"]
[BlackFideId "14926970"]
[EventDate "2022.03.27"]

1. e4 e5 2. Nf3 Nc6 3. Nc3 Nf6 4. Bb5 Nd4 5. Bc4 c6 6. Nxe5 d5 7. exd5 cxd5 8.
Bb5+ Nxb5 9. Nxb5 Qb6 10. a4 a6 11. Na3 Bc5 12. O-O Be6 13. Nf3 d4 14. d3 O-O-O
15. Nc4 Bxc4 16. dxc4 d3 17. cxd3 Ng4 18. Qc2 Qg6 19. b4 Bxb4 20. h3 h5 21. c5
Rxd3 22. c6 Bd6 23. Rb1 b5 24. axb5 Qf5 25. bxa6 Rxf3 26. a7 Bh2+ 27. Kh1 Qxc2
28. a8=Q+ Kc7 29. Qb7+ Kd6 30. Qd7+ Ke5 31. Bb2+ Kf4 32. Qxf7+ Ke4 33. Qxf3# 1-0

[Event "22nd ch-EUR Indiv 2022"]
[Site "Terme Catez SLO"]
[Date "2022.04.02"]
[Round "7.32"]
[White "Parkhov, Yair"]
[Black "Iturrizaga Bonelli, Eduardo"]
[Result "1-0"]
[WhiteTitle "IM"]
[BlackTitle "GM"]
[WhiteElo "2450"]
[BlackElo "2594"]
[WhiteFideId "2813408"]
[BlackFideId "3901211"]
[EventDate "2022.03.27"]

1. d4 Nf6 2. c4 e6 3. g3 Bb4+ 4. Bd2 a5 5. Bg2 d5 6. Qc2 O-O 7. Nf3 Be7 8. O-O
c6 9. Bf4 Nbd7 10. Rd1 h6 11. b3 b6 12. cxd5 cxd5 13. Ne5 Nxe5 14. dxe5 Nd7 15.
e4 d4 16. Rxd4 g5 17. Bc1 Qe8 18. Bb2 Nxe5 19. Rd2 Ng6 20. Nc3 Bb7 21. Na4 Rc8
22. Qd3 b5 23. Nb6 Rd8 24. Nd7 b4 25. Rc1 Bc8 26. Rxc8 Qxd7 27. Rxd8 Qxd8 28.
Qc2 Qb8 29. Bf3 Rd8 30. Bh5 Nf8 31. Rd3 Qc8 32. Qd1 Rxd3 33. Qxd3 Nd7 34. Qf3
Qe8 35. h4 Bf8 36. hxg5 hxg5 37. Qe3 Qe7 38. Qd4 e5 39. Qd2 Kg7 40. Bg4 Nc5 41.
Bf5 f6 42. Qd1 Qd6 43. Qh5 Be7 44. Bg6 Qe6 45. Qh7+ Kf8 46. Qh6+ Kg8 47. Bc1 a4
48. Be3 axb3 49. axb3 Qxb3 50. Bh7+ Kh8 51. Bf5+ Kg8 52. Bxc5 Bxc5 53. Qg6+ Kf8
54. Qxf6+ Qf7 55. Qh8+ Qg8 56. Qxe5 Be7 57. Be6 Qh7 58. Bd5 Bd8 59. Qe6 Qg7 60.
e5 Qh7 61. Kg2 Qg7 62. Qf5+ Ke7 63. Bc6 1-0

[Event "22nd ch-EUR Indiv 2022"]
[Site "Terme Catez SLO"]
[Date "2022.04.02"]
[Round "7.33"]
[White "Petkov, Momchil"]
[Black "Moroni, Luca Jr"]
[Result "1/2-1/2"]
[WhiteTitle "IM"]
[BlackTitle "GM"]
[WhiteElo "2465"]
[BlackElo "2588"]
[WhiteFideId "2921642"]
[BlackFideId "865834"]
[EventDate "2022.03.27"]

1. d4 Nf6 2. c4 e6 3. g3 Bb4+ 4. Bd2 c5 5. Bxb4 cxb4 6. Bg2 O-O 7. Nf3 a5 8. O-O
d6 9. Qd3 Qc7 10. Nbd2 Re8 11. Rfd1 h6 12. Rac1 Na6 13. e4 Nd7 14. Nf1 b6 15. g4
Bb7 16. g5 h5 17. Nh4 Nf8 18. Qg3 g6 19. Ne3 e5 20. Nd5 Bxd5 21. cxd5 Qd8 22.
Rc6 Nb8 23. Rcc1 exd4 24. Rxd4 Nbd7 25. Nf3 Rc8 26. Rc6 Ne5 27. Nxe5 Rxe5 28.
Rdc4 Rxc6 29. Rxc6 b5 30. h4 Qe7 31. Kh2 Nd7 32. Qh3 Nc5 33. Qc8+ Kg7 34. f3
Rxd5 35. exd5 Qe5+ 36. Kh1 Qe1+ 37. Kh2 Qe5+ 38. Kh1 Qe1+ 1/2-1/2

[Event "22nd ch-EUR Indiv 2022"]
[Site "Terme Catez SLO"]
[Date "2022.04.02"]
[Round "7.34"]
[White "Kantor, Gergely"]
[Black "Sebenik, Matej"]
[Result "1-0"]
[WhiteTitle "GM"]
[BlackTitle "GM"]
[WhiteElo "2587"]
[BlackElo "2510"]
[WhiteFideId "751499"]
[BlackFideId "14602296"]
[EventDate "2022.03.27"]

1. d4 Nf6 2. c4 e6 3. Nf3 d5 4. Nc3 Be7 5. Bf4 O-O 6. e3 c5 7. dxc5 Bxc5 8. Qc2
Nc6 9. Rd1 Qa5 10. a3 Rd8 11. Nd2 d4 12. Nb3 Qb6 13. Na4 Bb4+ 14. axb4 Qxb4+ 15.
Nd2 e5 16. Bg5 Qa5 17. Bxf6 gxf6 18. Qb3 Nb4 19. Be2 Bd7 20. Ra1 dxe3 21. fxe3
b5 22. O-O bxa4 23. Qc3 f5 24. Nf3 f6 25. c5 Rac8 26. Nxe5 Qxc5 27. Nxd7 Rxd7
28. Rxa4 Qxc3 29. bxc3 Rd2 30. Bf3 Nc2 31. Rxa7 Nxe3 32. Rb1 Ng4 33. c4 Ne5 34.
Bd5+ Kf8 35. Rxh7 1-0

[Event "22nd ch-EUR Indiv 2022"]
[Site "Terme Catez SLO"]
[Date "2022.04.02"]
[Round "7.35"]
[White "Mchedlishvili, Mikheil"]
[Black "Godena, Michele"]
[Result "1-0"]
[WhiteTitle "GM"]
[BlackTitle "GM"]
[WhiteElo "2584"]
[BlackElo "2442"]
[WhiteFideId "13600966"]
[BlackFideId "800090"]
[EventDate "2022.03.27"]

1. c4 e5 2. Nc3 Bb4 3. Nd5 Bc5 4. e3 Nf6 5. b4 Be7 6. Nxe7 Qxe7 7. Bb2 O-O 8.
Ne2 Re8 9. a3 a5 10. b5 d6 11. Ng3 a4 12. Be2 c6 13. O-O cxb5 14. cxb5 Be6 15.
d4 Nbd7 16. e4 d5 17. dxe5 Nxe4 18. Nh5 Rec8 19. Rc1 Rxc1 20. Qxc1 Ndc5 21. Qe3
Nb3 22. f4 Bf5 23. g4 Bg6 24. Rd1 Bxh5 25. gxh5 Qe6 26. Qd3 Qb6+ 27. Bd4 Nxd4
28. Qxd4 Qxd4+ 29. Rxd4 Nc3 30. Kf2 Kf8 31. Bd3 Ke7 32. Ke3 Ke6 33. Rb4 Rc8 34.
Kd4 g6 35. Rb2 Ne4 36. Rc2 Rxc2 37. Bxc2 Nd2 38. Bxa4 b6 39. Bd1 Nc4 40. a4 Kf5
41. Bb3 Na5 42. Bxd5 Kxf4 43. Bxf7 Kf5 44. hxg6 hxg6 45. Bd5 1-0

[Event "22nd ch-EUR Indiv 2022"]
[Site "Terme Catez SLO"]
[Date "2022.04.02"]
[Round "7.36"]
[White "Stoyanov, Tsvetan"]
[Black "Asadli, Vugar"]
[Result "0-1"]
[WhiteTitle "IM"]
[BlackTitle "GM"]
[WhiteElo "2424"]
[BlackElo "2579"]
[WhiteFideId "2917173"]
[BlackFideId "13405764"]
[EventDate "2022.03.27"]

1. c4 c5 2. Nf3 Nc6 3. e3 e5 4. Nc3 f5 5. d4 e4 6. d5 Nb8 7. Ne5 Qf6 8. f4 d6 9.
Qa4+ Kd8 10. Nc6+ bxc6 11. dxc6 Na6 12. Nd5 Qf7 13. Bd2 Nf6 14. Ba5+ Ke8 15. Rd1
Nxd5 16. Rxd5 Nc7 17. Rd2 h5 18. Be2 Rh6 19. O-O Rb8 20. Rfd1 h4 21. a3 Qe7 22.
b4 cxb4 23. Bxb4 a6 24. Qa5 Qd8 25. Qe5+ Kf7 26. Bxd6 Bxd6 27. Rxd6 Rxd6 28.
Rxd6 Qe7 29. Qd4 Be6 30. c5 Qf6 31. Qd2 Rb2 32. Qa5 Ne8 33. Rd2 Rxd2 34. Qxd2
Qa1+ 35. Kf2 Qxa3 36. Qd4 Qa2 37. Qb4 a5 38. Qb7+ Kg6 39. Qb8 Nf6 40. c7 Bc4 0-1

[Event "22nd ch-EUR Indiv 2022"]
[Site "Terme Catez SLO"]
[Date "2022.04.02"]
[Round "7.37"]
[White "Yuffa, Daniil"]
[Black "Ibrahimli, Murad"]
[Result "1-0"]
[WhiteTitle "GM"]
[BlackTitle "IM"]
[WhiteElo "2576"]
[BlackElo "2432"]
[WhiteFideId "24131423"]
[BlackFideId "13410229"]
[EventDate "2022.03.27"]

1. c4 e6 2. g3 Nf6 3. Bg2 d5 4. Nf3 Be7 5. O-O O-O 6. d4 c6 7. b3 a5 8. Nc3 b6
9. Bb2 Ba6 10. Nd2 Nbd7 11. e4 dxe4 12. Ncxe4 Nxe4 13. Nxe4 a4 14. Qc2 a3 15.
Bc1 Bb7 16. Rd1 Nf6 17. Rb1 h6 18. b4 Nxe4 19. Bxe4 Bf6 20. Be3 Qe7 21. h4 Rfd8
22. c5 b5 23. Rd3 e5 24. Re1 exd4 25. Bxd4 Kf8 26. Bc3 Bxc3 27. Qxc3 Rxd3 28.
Qxd3 Rd8 29. Qc3 Qf6 30. Qxa3 g5 31. hxg5 hxg5 32. Qf3 Qxf3 33. Bxf3 g4 34. Be4
Rd4 35. a3 Kg7 36. Kf1 Kf6 37. Re3 Rd1+ 38. Ke2 Ra1 39. f4 gxf3+ 40. Bxf3 Ra2+
41. Ke1 Ra1+ 42. Kd2 Ra2+ 43. Kc1 Ra1+ 44. Kb2 Rg1 45. Be4 Rd1 46. Rf3+ Ke7 47.
Bf5 Rd8 48. Rd3 Rxd3 49. Bxd3 Bc8 50. a4 bxa4 51. Ka3 Kd8 52. Kxa4 Be6 53. Be4
Kd7 54. Ka3 Bc4 55. Kb2 Bb5 56. Kc3 Ba4 57. Bf5+ Ke7 58. Bc2 Bb5 59. Bd3 Ba4 60.
Bc4 Bd1 61. Bb3 Be2 62. Kd4 Bb5 63. Ke5 Bf1 64. Bc2 Bb5 65. Be4 Ba4 66. Bd3 Bd1
67. Kf5 Bb3 68. Kg5 Be6 69. Be4 Bd7 70. Bf5 Be8 71. Kh6 f6 72. Kg7 Bh5 73. Be4
Be8 74. Bd3 Bd7 75. Ba6 Be8 76. Bb7 Ke6 77. Kf8 Bd7 78. Ba6 f5 79. Bc4+ Kf6 80.
Bb3 Bc8 81. Ke8 Ke5 82. Kd8 Ba6 83. Kc7 Bb5 84. Kb6 Ke4 85. Be6 1-0

[Event "22nd ch-EUR Indiv 2022"]
[Site "Terme Catez SLO"]
[Date "2022.04.02"]
[Round "7.38"]
[White "Samunenkov, Ihor"]
[Black "Gagunashvili, Merab"]
[Result "1/2-1/2"]
[WhiteTitle "FM"]
[BlackTitle "GM"]
[WhiteElo "2372"]
[BlackElo "2575"]
[WhiteFideId "14187086"]
[BlackFideId "13601652"]
[EventDate "2022.03.27"]

1. Nf3 d5 2. d4 Nf6 3. c4 c6 4. g3 g6 5. Bg2 Bg7 6. cxd5 cxd5 7. O-O O-O 8. Ne5
Ne4 9. Nd2 Nd7 10. Nxe4 dxe4 11. Bf4 Nxe5 12. dxe5 Qb6 13. Qb3 Bf5 14. h3 h5 15.
Rfc1 Rfc8 16. e3 Rxc1+ 17. Rxc1 Qxb3 18. axb3 Rd8 19. Rc7 Rd1+ 20. Kh2 Rd2 21.
Kg1 Rd1+ 22. Kh2 Rd2 23. Kg1 b5 24. Rxe7 Rxb2 25. Rxa7 Rxb3 26. Ra8+ Kh7 27. Ra7
Kg8 28. Ra8+ Kh7 29. Ra7 1/2-1/2

[Event "22nd ch-EUR Indiv 2022"]
[Site "Terme Catez SLO"]
[Date "2022.04.02"]
[Round "7.39"]
[White "Nguyen, Thai Dai Van"]
[Black "Haring, Filip"]
[Result "1-0"]
[WhiteTitle "GM"]
[BlackTitle "FM"]
[WhiteElo "2623"]
[BlackElo "2425"]
[WhiteFideId "358878"]
[BlackFideId "14933080"]
[EventDate "2022.03.27"]

1. e4 c5 2. Nf3 e6 3. d4 cxd4 4. Nxd4 a6 5. Bd3 Bc5 6. Nb3 Ba7 7. O-O Nc6 8. Qe2
d6 9. Be3 Nf6 10. c4 O-O 11. Nc3 e5 12. Bxa7 Rxa7 13. Qd2 Be6 14. Rfd1 Qb8 15.
Rac1 b6 16. Bf1 Rd8 17. h3 h6 18. Qe3 Nd7 19. Na1 Rb7 20. Nd5 a5 21. Nc3 Nc5 22.
Nc2 Ne7 23. Bd3 Kh7 24. Na3 g6 25. f4 Kg7 26. Bb1 f6 27. f5 gxf5 28. Qg3+ Kh7
29. exf5 Bxf5 30. Nd5 Rf8 31. Bxf5+ Nxf5 32. Qf2 Nd4 33. Nxf6+ Kh8 34. Rxd4 Rbf7
35. Qe3 Rxf6 36. Rd2 Qe8 37. Nb5 Qg6 38. Kh2 Ne4 39. Re2 Nf2 40. Qg3 Qf7 41.
Rcc2 Rg8 42. Qe3 Rxg2+ 43. Kxg2 Qb7+ 44. Kg3 Qh1 45. Qxf2 Rg6+ 46. Kh4 Qa8 47.
Kh5 Qe8 48. Qf8+ Qxf8 49. Kxg6 e4 50. Rxe4 Qg7+ 51. Kf5 Qg5+ 52. Ke6 Qg6+ 53.
Kd5 Qf5+ 54. Kd4 Qf6+ 55. Kd3 Qf1+ 56. Rce2 Qxh3+ 57. Kc2 Qg3 58. Re6 h5 59.
Nxd6 Qf4 60. Rg2 Kh7 61. Re7+ Kh8 62. Nf7+ Kh7 63. Ne5+ 1-0

[Event "22nd ch-EUR Indiv 2022"]
[Site "Terme Catez SLO"]
[Date "2022.04.02"]
[Round "7.40"]
[White "Subelj, Jan"]
[Black "Korobov, Anton"]
[Result "1-0"]
[WhiteTitle "IM"]
[BlackTitle "GM"]
[WhiteElo "2468"]
[BlackElo "2695"]
[WhiteFideId "14618583"]
[BlackFideId "14105730"]
[EventDate "2022.03.27"]

1. e4 c5 2. Nf3 d6 3. Bb5+ Nd7 4. d4 cxd4 5. Qxd4 a6 6. Be2 Ngf6 7. O-O Qc7 8.
c4 e6 9. Nc3 Be7 10. b3 b6 11. Bb2 Bb7 12. Rac1 O-O 13. Nd2 Rac8 14. b4 Qb8 15.
a3 Rfe8 16. f4 e5 17. Qf2 exf4 18. Qxf4 Ne5 19. Nd5 Bxd5 20. cxd5 b5 21. Kh1
Rxc1 22. Rxc1 Nfd7 23. Nf3 Qd8 24. Bxe5 dxe5 25. Qe3 Bd6 26. Nd2 Be7 27. Rc6 Bg5
28. Qd3 Nb8 29. Rc2 Qb6 30. Nf3 Bf6 31. Qc3 h6 32. Qc5 Bd8 33. Nd2 Qf6 34. Qc8
Qf2 35. Nf3 Qb6 36. h3 Rf8 37. Nxe5 Qe3 38. Bh5 g6 39. Bxg6 Kg7 40. Qg4 Bg5 41.
Nxf7 Nd7 42. Nxg5 Rf1+ 43. Kh2 Ne5 44. Rc7+ 1-0

[Event "22nd ch-EUR Indiv 2022"]
[Site "Terme Catez SLO"]
[Date "2022.04.02"]
[Round "7.41"]
[White "Davtyan, Artur"]
[Black "Deac, Bogdan-Daniel"]
[Result "0-1"]
[WhiteTitle "IM"]
[BlackTitle "GM"]
[WhiteElo "2460"]
[BlackElo "2679"]
[WhiteFideId "13308327"]
[BlackFideId "1226380"]
[EventDate "2022.03.27"]

1. d4 Nf6 2. c4 e6 3. Nf3 d5 4. Nc3 dxc4 5. e4 Bb4 6. Bg5 h6 7. Bxf6 Qxf6 8.
Bxc4 c5 9. O-O O-O 10. e5 Qd8 11. Qe2 cxd4 12. Rad1 Bd7 13. Nb5 Qb6 14. Nbxd4
Rd8 15. Qe4 Nc6 16. Nc2 Bf8 17. Bd3 g6 18. Ne3 Nb4 19. Bc4 Bc6 20. Qf4 Bxf3 21.
Qxf3 Nc6 22. Qe4 Bg7 23. f4 Rxd1 24. Rxd1 Qxb2 25. Rb1 Qc3 26. Rxb7 Rd8 27. Bf1
Bf8 28. Ng4 Kg7 29. Qf3 Bc5+ 30. Kh1 Qd4 0-1

[Event "22nd ch-EUR Indiv 2022"]
[Site "Terme Catez SLO"]
[Date "2022.04.02"]
[Round "7.42"]
[White "Kosakowski, Jakub"]
[Black "Grandelius, Nils"]
[Result "0-1"]
[WhiteTitle "IM"]
[BlackTitle "GM"]
[WhiteElo "2452"]
[BlackElo "2663"]
[WhiteFideId "1185080"]
[BlackFideId "1710400"]
[EventDate "2022.03.27"]

1. d4 Nf6 2. Nf3 d5 3. c4 e6 4. g3 Bb4+ 5. Nbd2 dxc4 6. Bg2 b5 7. a4 c6 8. O-O
O-O 9. Ne1 Nd5 10. Nc2 Be7 11. e4 Nf6 12. g4 e5 13. g5 Nfd7 14. f4 exd4 15. Nxd4
Nc5 16. N2f3 Nxa4 17. b3 Nc3 18. Qc2 b4 19. Be3 c5 20. Nf5 cxb3 21. Qxb3 Nc6 22.
Qc4 Be6 23. Qa6 Rc8 24. Nd2 Bxf5 25. exf5 Nd4 26. Nc4 Nxf5 27. Bf2 Qd3 28. Rfe1
Rfd8 29. Bf1 Qf3 30. Ne5 Qxf4 31. Nxf7 Qg4+ 32. Kh1 Qf3+ 33. Bg2 Qxf2 34. Nxd8
Rxd8 35. Qe6+ Kh8 36. Rf1 Qe3 37. Qxf5 Qxg5 38. Qe6 h6 39. Rf5 Qh4 40. Qg6 Ne2
41. Rd5 Rf8 42. Re5 Nf4 43. Qe4 Bd6 44. Re8 Nxg2 45. Rxf8+ Bxf8 46. Qxg2 Bd6 47.
Rd1 Qf4 48. Rf1 Qe5 49. Rf7 b3 50. Rxa7 Qe1+ 51. Qg1 Qe4+ 52. Qg2 Qe1+ 53. Qg1
Qxg1+ 54. Kxg1 c4 0-1

[Event "22nd ch-EUR Indiv 2022"]
[Site "Terme Catez SLO"]
[Date "2022.04.02"]
[Round "7.43"]
[White "Sahidi, Samir"]
[Black "Hovhannisyan, Robert"]
[Result "1-0"]
[WhiteTitle "IM"]
[BlackTitle "GM"]
[WhiteElo "2432"]
[BlackElo "2643"]
[WhiteFideId "14936372"]
[BlackFideId "13302507"]
[EventDate "2022.03.27"]

1. e4 e5 2. Nf3 Nc6 3. Bb5 a6 4. Ba4 Nf6 5. d3 Bc5 6. c3 b5 7. Bc2 d6 8. h3 Bb6
9. O-O h6 10. a4 b4 11. d4 O-O 12. Be3 a5 13. Re1 Re8 14. Nbd2 Ba6 15. Rc1 bxc3
16. bxc3 exd4 17. cxd4 Nb4 18. Bb1 Bd3 19. e5 Nfd5 20. Qb3 Bxb1 21. Nxb1 Nxe3
22. fxe3 c5 23. Kh1 Rc8 24. d5 dxe5 25. e4 f5 26. Nbd2 Kh7 27. Rcd1 fxe4 28.
Rxe4 c4 29. Nxc4 Bd4 30. Nxd4 Qxd5 31. Qb1 Qxc4 32. Rg4+ Nd3 33. Nf5 Nf2+ 34.
Kg1 Qc5 35. Rxg7+ Kh8 36. Qb7 Ng4+ 37. Kh1 1-0

[Event "22nd ch-EUR Indiv 2022"]
[Site "Terme Catez SLO"]
[Date "2022.04.02"]
[Round "7.44"]
[White "Erdos, Viktor"]
[Black "Mirzoev, Emil"]
[Result "1/2-1/2"]
[WhiteTitle "GM"]
[BlackTitle "GM"]
[WhiteElo "2607"]
[BlackElo "2475"]
[WhiteFideId "719978"]
[BlackFideId "14108640"]
[EventDate "2022.03.27"]

1. e4 e6 2. d4 d5 3. e5 c5 4. c3 Nc6 5. Nf3 Nge7 6. Na3 cxd4 7. cxd4 Nf5 8. Nc2
Bd7 9. Bd3 Qb6 10. O-O a5 11. Kh1 Nb4 12. Nxb4 axb4 13. Re1 Rc8 14. Bc2 Qc7 15.
Bd3 Qb6 16. Bc2 Be7 17. Bxf5 exf5 18. Bg5 Bxg5 19. Nxg5 O-O 20. h3 1/2-1/2

[Event "22nd ch-EUR Indiv 2022"]
[Site "Terme Catez SLO"]
[Date "2022.04.02"]
[Round "7.45"]
[White "Petenyi, Tamas"]
[Black "Moiseenko, Alexander"]
[Result "0-1"]
[WhiteTitle "IM"]
[BlackTitle "GM"]
[WhiteElo "2451"]
[BlackElo "2602"]
[WhiteFideId "14909090"]
[BlackFideId "14102560"]
[EventDate "2022.03.27"]

1. e4 c5 2. Nf3 Nc6 3. Nc3 g6 4. Bb5 Bg7 5. Bxc6 bxc6 6. O-O e5 7. d3 d6 8. a3
a5 9. Nd2 Ne7 10. Nc4 d5 11. Nd2 f5 12. Na4 c4 13. exf5 cxd3 14. cxd3 Bxf5 15.
Nb3 O-O 16. Bg5 h6 17. Bh4 g5 18. Bg3 Ng6 19. Rc1 Qf6 20. Nbc5 Nf4 21. Re1 Qg6
22. Qd2 h5 23. d4 exd4 24. Re7 d3 25. Bxf4 gxf4 26. Rce1 f3 27. g3 Bh6 28. Qd1
d2 29. R1e6 Bxe6 30. Rxe6 Rf6 31. Re5 Re8 32. Rxe8+ Qxe8 33. Nd3 Qe2 0-1

[Event "22nd ch-EUR Indiv 2022"]
[Site "Terme Catez SLO"]
[Date "2022.04.02"]
[Round "7.46"]
[White "Buksa, Nataliya"]
[Black "Ivanisevic, Ivan"]
[Result "1/2-1/2"]
[WhiteTitle "IM"]
[BlackTitle "GM"]
[WhiteElo "2401"]
[BlackElo "2601"]
[WhiteFideId "14123622"]
[BlackFideId "912417"]
[EventDate "2022.03.27"]

1. e4 c5 2. Nf3 e6 3. d4 cxd4 4. Nxd4 Nc6 5. Nc3 Qc7 6. Be2 Nf6 7. Be3 Be7 8. f4
d6 9. Qd2 Nxd4 10. Qxd4 O-O 11. O-O-O b6 12. g4 d5 13. e5 Nd7 14. Nb5 Qc6 15.
Qd2 Ba6 16. Nd4 Qa4 17. Kb1 Rfc8 18. h4 Nc5 19. Bd3 Bc4 20. b3 Qa3 21. Qc1 Nxd3
22. Qxa3 Bxa3 23. cxd3 Ba6 24. Nc2 Be7 25. Bd4 Rc7 26. Rh2 h5 27. gxh5 Rac8 28.
Kb2 Kh7 29. a3 Rh8 30. f5 exf5 31. Ne3 f4 32. Ng2 f3 33. Nf4 Bc8 34. Rf1 Bg4 35.
Rg1 Be6 36. Rg3 Bc5 37. Bxc5 bxc5 38. Rxf3 Rb8 39. Rg2 Rcb7 40. Rfg3 Rxb3+ 41.
Ka2 Kh6 42. Nxe6 fxe6 43. Rg6+ Kh7 44. Rxg7+ Kh6 45. R7g6+ Kh7 46. Rg7+ Kh6 47.
R2g6+ Kxh5 48. Rg5+ Kh6 49. R5g6+ Kh5 50. Rg1 Kh6 51. R1g6+ Kh5 1/2-1/2

[Event "22nd ch-EUR Indiv 2022"]
[Site "Terme Catez SLO"]
[Date "2022.04.02"]
[Round "7.47"]
[White "Santos Ruiz, Miguel"]
[Black "Barbot, Pierre1"]
[Result "1-0"]
[WhiteTitle "GM"]
[BlackTitle "IM"]
[WhiteElo "2597"]
[BlackElo "2455"]
[WhiteFideId "22291482"]
[BlackFideId "663727"]
[EventDate "2022.03.27"]

1. d4 Nf6 2. c4 e6 3. Nf3 Bb4+ 4. Nbd2 O-O 5. a3 Be7 6. e4 d6 7. Be2 Nfd7 8. b4
e5 9. d5 a5 10. Bb2 c5 11. b5 Nf6 12. Qc2 g6 13. O-O-O Nh5 14. Ne1 Ng7 15. f4
Nd7 16. f5 h5 17. g4 h4 18. Ndf3 g5 19. Kb1 f6 20. Ng2 Kf7 21. Ngxh4 gxh4 22.
Nxh4 Rh8 23. Ng6 Rh3 24. Rd3 Rxd3 25. Qxd3 Nf8 26. Nxe7 Qxe7 27. h4 Nh7 28. Bc1
Bd7 29. g5 fxg5 30. hxg5 Nxg5 31. Qg3 Nxf5 32. Bh5+ Kf8 33. exf5 Nf7 34. Qg6 1-0

[Event "22nd ch-EUR Indiv 2022"]
[Site "Terme Catez SLO"]
[Date "2022.04.02"]
[Round "7.48"]
[White "Wagner, Dennis"]
[Black "Gokerkan, Cem Kaan"]
[Result "1-0"]
[WhiteTitle "GM"]
[BlackTitle "IM"]
[WhiteElo "2584"]
[BlackElo "2445"]
[WhiteFideId "24650684"]
[BlackFideId "6336760"]
[EventDate "2022.03.27"]

1. d4 Nf6 2. c4 e6 3. Nf3 d5 4. g3 Be7 5. Bg2 O-O 6. Qd3 c5 7. O-O cxd4 8. Nxd4
Nc6 9. cxd5 exd5 10. Nc3 h6 11. Rd1 Re8 12. a3 a6 13. Be3 Be6 14. Rac1 Ne5 15.
Qc2 Rc8 16. Bf4 Nc6 17. Nxe6 fxe6 18. e4 d4 19. e5 Nh5 20. Qg6 Nxf4 21. gxf4 Bh4
22. Ne4 Rf8 23. Nd6 Rc7 24. Be4 Bxf2+ 25. Kg2 Rff7 26. Qh7+ Kf8 27. Qh8+ Ke7 28.
Nxf7 1-0

[Event "22nd ch-EUR Indiv 2022"]
[Site "Terme Catez SLO"]
[Date "2022.04.02"]
[Round "7.49"]
[White "Papp, Gabor1"]
[Black "Gorshtein, Ido"]
[Result "1/2-1/2"]
[WhiteTitle "GM"]
[BlackTitle "IM"]
[WhiteElo "2574"]
[BlackElo "2445"]
[WhiteFideId "718602"]
[BlackFideId "2815532"]
[EventDate "2022.03.27"]

1. e4 c6 2. d4 d5 3. e5 Bf5 4. h4 h5 5. Bd3 Bxd3 6. Qxd3 Qa5+ 7. Nd2 e6 8. Nf3
Nh6 9. O-O Nf5 10. Nb3 Qb5 11. Qd1 c5 12. a4 Qb6 13. dxc5 Bxc5 14. a5 Qb5 15.
Nxc5 Qxc5 16. c3 Nc6 17. Ra4 Qb5 18. b3 Nxa5 19. Ba3 O-O-O 20. Rb4 Qa6 21. Ra4
Qb5 22. Rb4 Qa6 23. Ra4 1/2-1/2

[Event "22nd ch-EUR Indiv 2022"]
[Site "Terme Catez SLO"]
[Date "2022.04.02"]
[Round "7.50"]
[White "Van Foreest, Lucas"]
[Black "Stella, Andrea"]
[Result "1-0"]
[WhiteTitle "GM"]
[BlackTitle "GM"]
[WhiteElo "2572"]
[BlackElo "2444"]
[WhiteFideId "1039792"]
[BlackFideId "827061"]
[EventDate "2022.03.27"]

1. d4 d5 2. c4 e6 3. Nf3 Nf6 4. g3 dxc4 5. Bg2 Nc6 6. Qa4 Bb4+ 7. Bd2 Nd5 8.
Bxb4 Nxb4 9. Nc3 Bd7 10. O-O a5 11. Qd1 O-O 12. e3 a4 13. Qe2 a3 14. Qxc4 axb2
15. Rab1 Nd5 16. Rxb2 Na5 17. Qd3 Nxc3 18. Qxc3 Bc6 19. Rc1 b6 20. Qd3 Bxf3 21.
Bxf3 Ra7 22. Rbc2 Qd6 23. Qb5 Rd8 24. h4 h6 25. h5 Rd7 26. Be4 Rd8 27. Rc3 Kf8
28. a3 Rd7 29. Qb4 Ke7 30. Qb1 Kf8 31. Qb4 Ke7 32. Kg2 Kd8 33. Qb1 Ke7 34. Bf3
Ke8 35. Qh7 Qf8 36. d5 exd5 37. Bg4 f5 38. Bxf5 Re7 39. Qg6+ Qf7 40. Qxb6 Ra8
41. Qb5+ 1-0

[Event "22nd ch-EUR Indiv 2022"]
[Site "Terme Catez SLO"]
[Date "2022.04.02"]
[Round "7.51"]
[White "Samadov, Read"]
[Black "Meshkovs, Nikita"]
[Result "1-0"]
[WhiteTitle "FM"]
[BlackTitle "GM"]
[WhiteElo "2375"]
[BlackElo "2561"]
[WhiteFideId "13417444"]
[BlackFideId "11602740"]
[EventDate "2022.03.27"]

1. d4 Nf6 2. c4 e6 3. Nf3 Bb4+ 4. Nbd2 d5 5. a3 Be7 6. e3 O-O 7. Bd3 Nbd7 8. O-O
c5 9. b3 b6 10. Bb2 Bb7 11. Qe2 Rc8 12. Rfd1 Qc7 13. Rac1 Qb8 14. Bb1 dxc4 15.
Nxc4 cxd4 16. Nxd4 Nc5 17. b4 Ncd7 18. e4 Rfd8 19. e5 Nd5 20. Nb5 Ba6 21. Qe4
Nf8 22. Nbd6 Bxd6 23. Nxd6 Rxc1 24. Rxc1 Rd7 25. h4 Qd8 26. Ba2 Bb7 27. Qg4 h5
28. Qxh5 Nf4 29. Qg4 Nd3 30. Rc2 Rc7 31. Rxc7 Qxc7 32. Ne8 f5 33. exf6 Qf7 34.
Nd6 Qg6 35. Bxe6+ 1-0